Math Multiplacation Test (VERY DIFFICULT) - Statistics

General Stats
  • This quiz has been taken 315 times
  • The average score is 9 of 11
Answer Stats
Hint Answer % Correct
1X1 1
100%
2X2 4
100%
4X4 16
99%
8X8 64
99%
9X9 81
90%
50X50 2500
89%
120X120 14400
82%
9X89 801
78%
64X64 4096
64%
If You Got This Right You Are A ______ Genius
57%
1444X1444 2085136
38%
No matching quizzes found
Score Distribution
Percent of People with Each Score
Percentile by Number Answered
Your Score History
You have not taken this quiz